Faktory vzniku daňových únikov diplomová práca

Saved in:
Bibliographic Details
Main Author: Polášek, Zbyněk
Corporate Author: Fakulta podnikového manažmentu EU. Katedra podnikových financií
Other Authors: Lénártová, Gizela
Format: Book
Language:Slovak
Published: Bratislava 2010
Tags: Add Tag
No Tags, Be the first to tag this record!

MARC

LEADER 00000nam$a2200000$$$4500
001 0121349
005 20240318122101.9
041 0 |a slo 
044 |a SK 
245 1 0 |a Faktory vzniku daňových únikov  |b diplomová práca  |c Zbyněk Polášek ; škol. Gizela Lénártová 
264 1 |a Bratislava  |c 2010 
300 |a 87 s. 
100 1 |a Polášek, Zbyněk 
700 1 |a Lénártová, Gizela 
710 2 |a Fakulta podnikového manažmentu EU. Katedra podnikových financií